LEADER 01591oam 2200517zu 450 001 996210819403316 005 20210807003153.0 035 $a(CKB)1000000000751026 035 $a(SSID)ssj0000508682 035 $a(PQKBManifestationID)12250718 035 $a(PQKBTitleCode)TC0000508682 035 $a(PQKBWorkID)10554997 035 $a(PQKB)11739295 035 $a(EXLCZ)991000000000751026 100 $a20160829d1983 uy 101 0 $aeng 181 $ctxt 182 $cc 183 $acr 200 10$aEmpirical processes 210 31$a[Place of publication not identified]$cInstitute of Mathematical Statistics$d1983 225 0 $aLecture notes-monograph series Empirical processes 300 $aBibliographic Level Mode of Issuance: Monograph 311 $a0-940600-03-X 606 $aSampling (Statistics) 606 $aDistribution (Probability theory) 606 $aMeasure theory 606 $aCentral limit theorem 606 $aMathematics$2HILCC 606 $aPhysical Sciences & Mathematics$2HILCC 606 $aMathematical Statistics$2HILCC 615 0$aSampling (Statistics) 615 0$aDistribution (Probability theory) 615 0$aMeasure theory 615 0$aCentral limit theorem 615 7$aMathematics 615 7$aPhysical Sciences & Mathematics 615 7$aMathematical Statistics 676 $a519.5/2 700 $aGänssler$b Peter$047035 702 $aGèanssler$b Peter 801 0$bPQKB 906 $aBOOK 912 $a996210819403316 996 $aEmpirical processes$9922414 997 $aUNISA LEADER 01483nam a2200301 i 4500 001 991000518419707536 008 040312s2001 it 000 0 ita 020 $a8844902753 035 $ab1262911x-39ule_inst 040 $aFac. Economia$bita 082 0 $a332.16 245 00$aNuove frontiere delle concentrazioni e ristrutturazioni :$bconcorrenza, crescita dimensionale e impatto strategico, gestionale e organizzativo nelle banche e assicurazioni /$ccoordinato da Ignazio Basile ; a cura di Luisa Anderloni, Ignazio Basile, Paola Schwizer 260 $aRoma :$bBancaria,$c2001 300 $a135 p. ;$c24 cm 490 $aBanca e mercati 500 $aSul front.: Osservatorio sull'innovazione finanziaria 2001, Newfin 650 4$aConcentrazioni bancarie 650 4$aCompagnie di assicurazione$xOrganizzazione 700 1 $aBasile, Ignazio$eauthor$4http://id.loc.gov/vocabulary/relators/aut$0111444 700 1 $aAnderloni, Luisa 700 1 $aSchwizer, Paola 907 $a.b1262911x$b05-12-17$c12-03-04 912 $a991000518419707536 945 $aLE025 ECO 332.1 BAS01.01$g1$i2025000212220$lle025$n2007$o-$pE15.00$q-$rl$s- $t0$u2$v0$w2$x0$y.i14575504$z09-10-07 945 $aLE025 ECO 332.1 BAS01.01$g2$i2025000093737$lle025$nCatalogato 2017$op$pE15.00$q-$rl$s- $t0$u20$v7$w20$x0$y.i13513333$z21-04-04 996 $aNuove frontiere delle concentrazioni e ristrutturazioni$91747223 997 $aUNISALENTO 998 $ale025$b - - $cm$da $e-$fita$git $h0$i0